|
|
|
|
| LEADER |
00000naa2a2200000 4500 |
| 001 |
431674 |
| 005 |
20231101075412.0 |
| 035 |
|
|
|a (RuTPU)RU\TPU\prd\91836
|
| 035 |
|
|
|a RU\TPU\prd\30586
|
| 090 |
|
|
|a 431674
|
| 100 |
|
|
|a 20101202a2004 k y0rusy50 ca
|
| 101 |
0 |
|
|a rus
|
| 102 |
|
|
|a RU
|
| 200 |
1 |
|
|a Зонная структура купратных сверхпроводников n-типа с Т`(Т)- структурой при учете сильных электронных корреляций
|f В. А. Гавричков, С. Г. Очинников
|
| 225 |
1 |
|
|a Электронные свойства
|
| 320 |
|
|
|a Библиогр.: 18 назв.
|
| 461 |
|
1 |
|0 (RuTPU)RU\TPU\prd\1443
|x 0044-4510
|t Журнал экспериментальной и теоретической физики
|l ЖЭТФ
|f Российская академия наук (РАН) ; Отделение физических наук РАН
|d 1931-
|
| 463 |
|
1 |
|0 (RuTPU)RU\TPU\prd\91821
|t Т. 125, вып. 3
|v с. 630-639
|d 2004
|
| 610 |
1 |
|
|a спектральная плотность
|
| 610 |
1 |
|
|a дисперсионные соотношения
|
| 610 |
1 |
|
|a уровни Ферми
|
| 610 |
1 |
|
|a диэлектрические щели
|
| 610 |
1 |
|
|a зонная структура
|
| 610 |
1 |
|
|a купратные сверхпроводники
|
| 610 |
1 |
|
|a электронная корреляция
|
| 700 |
|
1 |
|a Гавричков
|b В. А.
|
| 701 |
|
1 |
|a Очинников
|b С. Г.
|
| 801 |
|
1 |
|a RU
|b 63413507
|c 20041201
|g PSBO
|
| 801 |
|
2 |
|a RU
|b 63413507
|c 20101202
|g RCR
|
| 942 |
|
|
|c BK
|